00738nam a2200241 a 4500001000400000003001000004005001700014008004100031020001800072040002500090080001700115245006600132250001200198260003500210300002700245490003300272504002500305650003400330650003400364650003700398700003600435830002500471873BR-CuiBMT20231129165958.0231122s2010 rjba 000 0 por d a9788522508518 aBR-CuiBMTcBR-CuiBMT 22007a658.5600aGestão da qualidade /cIsnard Marshall Junior ... [et al.]. a10. ed. aRio de Janeiro :bFGV,cc2010. a203 p. :bil. ;c21 cm1 aSérie gestão empresarial aInclui bibliografia. aControle de qualidadezBrasil aGestão da qualidadezBrasil aControle de produçãozBrasil1 aMarshall Junior, Isnard4et al. 0aGestão empresarial